• 首页
  • 本馆介绍
  • 公告通知
  • 最新文献
  • 馆藏检索
  • 电子资源
  • 读者导购
  • 参考咨询
  • 我的图书馆
  • 登录
  • 详细信息显示
  • 放入我的书架
  • 预约/预借图书
  • 作者相关作品
  • 分类相关作品
  • 丛书相关作品
  • 出版社相关作品

书目信息

  • 表格格式
  • 工作单格式
  • 卡片格式
题名:
旅游区景观设计原理
    
 
作者: 邓涛 编著
分册:  
出版信息: 北京   中国建筑工业出版社  2007
页数: 348页
开本: 26cm
丛书名:
单 册:
中图分类: TU984.18
科图分类:
主题词: 旅游区--景观--环境设计--高等学校--教材 , 旅游区 , 景观 , 环境设计
电子资源:
ISBN: 978-7-112-09305-2
000 00980nam0 2200277 450
001 003546696
005 20091230085958.82
010    @a978-7-112-09305-2@dCNY48.00
100    @a20070327d2007 em y0chiy0110 ea
101 0  @achi
102    @aCN@b110000
105    @aa z 000yy
106    @ar
200 1  @a旅游区景观设计原理@9lv you qu jing guan she ji yuan li@f邓涛编著
210    @a北京@c中国建筑工业出版社@d2007
215    @a348页@c图@d26cm
300    @a高等院校环境艺术设计专业规划教材
330    @a本书论述了旅游区景观设计的基本原理,内容翔实可靠,结构体系相对完整,符合学习旅游区景观设计的进程逻辑。全书分为四个论述层次,从旅游景观的基本概念、空间形态特征及其构筑方法,到各类常见游憩场地和设施的设计等。
606 0  @a旅游区@x景观@x环境设计@x高等学校@j教材
606 0  @a旅游区
606 0  @a景观
606 0  @a环境设计
690    @aTU984.18@v4
701  0 @a邓涛@9deng tao@f(1959~)@4编著
801  0 @aCN@bNLC@c20091230
905    @b20798824-28@dTU984.18@e499@f5
    
    旅游区景观设计原理/邓涛编著.-北京:中国建筑工业出版社,2007
    348页:图;26cm
    高等院校环境艺术设计专业规划教材
    
    ISBN 978-7-112-09305-2:CNY48.00
    本书论述了旅游区景观设计的基本原理,内容翔实可靠,结构体系相对完整,符合学习旅游区景观设计的进程逻辑。全书分为四个论述层次,从旅游景观的基本概念、空间形态特征及其构筑方法,到各类常见游憩场地和设施的设计等。
●
相关链接 在E读中查询图书 在五车中查询图书 在当当中查询图书 在豆瓣中查询图书


正题名:旅游区景观设计原理     索取号:TU984.18/499         预约/预借

序号 登录号 条形码 馆藏地/架位号 状态 备注
1 798824   207988249   第二样本阅览室/ [索取号:TU984.18/499] 在馆    
2 798825   207988258   第三借阅区/ [索取号:TU984.18/499] 在馆    
3 798826   207988267   第三借阅区/ [索取号:TU984.18/499] 在馆    
4 798827   207988276   第三借阅区/ [索取号:TU984.18/499] 在馆    
5 798828   207988285   第三借阅区/ [索取号:TU984.18/499] 在馆    
唐山师范学院图书馆 欢迎您!
大连网信软件有限公司© 版权所有